Normal view
MARC view
Entry Personal Name
001 - CONTROL NUMBER
- control field: 38865
003 - CONTROL NUMBER IDENTIFIER
- control field: ARRUPE
005 - DATE AND TIME OF LATEST TRANSACTION
- control field: 20180125120350.0
008 - FIXED-LENGTH DATA ELEMENTS
- fixed length control field: 180125|| aca||aabn | a|a d
040 ## - CATALOGING SOURCE
- Original cataloging agency: ARRUPE
- Transcribing agency: ARRUPE
100 ## - HEADING--PERSONAL NAME
- Personal name: Schönborn, Christoph von.
670 ## - SOURCE DATA FOUND
- Source citation: Work cat.: (ARRUPE)0: Schönborn, Christoph von., L'icône du Christ :, 1986.